LDR 01017naa#a2200193#i#450# 001 EN\\bibl\118722 005 20260514014953.4 011 ## _a1994-4683 100 ## _a20230428b2023####ek#y0engy0150####ca 102 ## _aRU 200 1# _aIMPORTANCE OF ELECTROMYOGRAPHIC TRAINING IN THE TECHNICAL TRAINING OF SWIMMERS _eJournal article 210 1# _aMoscow _cNational State University of Physical Education, Sports and Health named after P.F. Lesgaft _d2023 215 ## _a3 с. 608 ## _aJournal article _2local 675 ## _aКинематика. Спортивные движения. Учение о двигательных (моторных) функциях человеческого тела Психологические, анатомические и физиологические признаки и характеристики обозначать с помощью :159.9..., :611..., :612.... 796.012 _z 700 #1 _aMelnichuk _gV I 700 #1 _aTkachuk _gM G 700 #1 _aMelnichuk _gN V 856 4# _auchzapiski.lesgaft.spb.ru _u